| 000 | 00897nam a22001817a 4500 | ||
|---|---|---|---|
| 999 |
_c60195 _d60195 |
||
| 003 | Ge_BSU | ||
| 005 | 20230616124020.0 | ||
| 008 | 230616s1994 ge ||||| |||| 00| 0 geo d | ||
| 041 | _ageo | ||
| 080 | _a821.353.1.09 ნ-63 | ||
| 100 |
_aნიკოლეიშვილი, ავთანდილ _9296 |
||
| 245 |
_aXX საუკუნის ქართული ლიტერატურის ისტორიის ნარკვევები : _bწ. 1 / _cავთანდილ ნიკოლეიშვილი; რედ. ელგუჯა თავბერიძე. |
||
| 264 |
_aქუთაისი : _bმოწამეთა, _c1994. |
||
| 300 |
_a636 გვ.; _b20 სმ. |
||
| 653 | _aქართული ლიტერატურა | ||
| 700 |
_aთავბერიძე, ელგუჯა _eრედაქტორი _918771 |
||
| 942 |
_2udc _cBK |
||